A abolição / (Record no. 1274)

MARC details
000 -LÍDER
Campo Fixo de Controle 00881nam a2200265 a 4500
001 - NÚMERO DE CONTROLE
Campo de Controle 1274
003 - IDENTIFICAÇÃO DO NÚMERO DE CONTROLE
Campo de Controle BR-CuiBMT
005 - DATA E HORA DA ÚLTIMA ATUALIZAÇÃO
Campo de Controle 20231203195027.0
008 - DADOS FIXOS
Dados Fixos 231201s2005 dfba 000 0 por d
040 ## - AGÊNCIA CATALOGADORA
Código da Agência Catalogadora BR-CuiBMT
Agência que transcreveu o registro BR-CuiBMT
080 ## - Nº DA CLASSIFICAÇÃO DECIMAL UNIVERSAL
Nº Class. CDU 94
Subd. Auxiliar Comum (81).063
Nº edição CDU 2007
090 ## - NÚMERO DE CHAMADA
Nº classificação 94(81).063
Cutter E82a
100 1# - ENTRADA PRINCIPAL -- AUTOR PESSOAL
Nome pessoal Estrada, Osório Duque
245 12 - TÍTULO PRINCIPAL
Título principal A abolição /
Indicação de responsabilidade Osório Duque Estrada.
260 ## - PUBLICAÇÃO, DISTRIBUIÇÃO, ETC.
Local de publicação Brasília :
Editora Senado Federal,
Data 2005.
300 ## - DESCRIÇÃO FÍSICA
N. páginas ou volumes 256 p. ;
Dimensões 21 cm
490 1# - INDICAÇÃO DE SÉRIE
Título da série Coleção edições do Senado Federal ;
Volume/designação sequencial da série v. 39
504 ## - NOTA DE BIBLIOGRAFIA, ETC.
Nota de bibliografia Inclui bibliografia.
650 ## - ASSUNTO TÓPICO
Cabeçalho tópico ou nome geográfico Tráfico de escravos (1549-1850)
Subdivisão geral Abolicionismo
650 ## - ASSUNTO TÓPICO
Cabeçalho tópico ou nome geográfico Abolicionismo
Subdivisão geral História
-- Independência, 1822
Subdivisão geográfica Brasil
Subdivisão cronológica (1630-1888)
650 ## - ASSUNTO TÓPICO
Cabeçalho tópico ou nome geográfico Escravidão no Brasil (1539-1888)
650 ## - ASSUNTO TÓPICO
Cabeçalho tópico ou nome geográfico Abolição da escravidão
Subdivisão geográfica Brasil
830 #0 - ENTRADA SECUNDÁRIA DE SÉRIE -- TÍTULO UNIFORME
Título uniforme Edições do Senado Federal ;
Nº do volume/designação sequencial da série 39
942 ## - ELEMENTOS DE ENTRADA ADICIONAIS (KOHA)
Fonte de classificação ou esquema de arquivamento Classificação Decimal Universal
Tipo de item do Koha Livros
Holdings
Estado: removido Estado: perdido Fonte de classificação ou esquema de arquivamento Estado: danificado Indisponível para empréstimo Localização permanente Localização atual Data de aquisição Total Checkouts Número de Chamada completo Código de barras Date last seen Número do exemplar Preço efetivo a partir de Tipo de item (Koha)
    Classificação Decimal Universal     Biblioteca da Escola Superior de Contas do TCE/MT Biblioteca da Escola Superior de Contas do TCE/MT 03/12/2023   94(81).063 E82a BIBTCEMT23120092 03/12/2023 Ex. 1 03/12/2023 Livros

Powered by Koha